[Event "Krakow op-B 30th"]
[Site "Krakow"]
[Date "2019.12.28"]
[Round "2"]
[White "Lozynskyi, Bohdan"]
[Black "Gawronski, Lukasz"]
[Result "0-1"]
[WhiteElo "2087"]
[BlackElo "1921"]
[PlyCount "64"]
[EventDate "2019.12.27"]
[EventType "swiss"]
[EventRounds "9"]
[EventCountry "POL"]
[SourceTitle "CBM 195 Extra"]
[Source "ChessBase"]
[SourceDate "2020.05.31"]
[SourceVersion "1"]
[SourceVersionDate "2020.05.31"]
[SourceQuality "1"]

1. e4 e6 2. d4 d5 3. e5 c5 4. c3 Nc6 5. Nf3 Qb6 6. a3 f6 7. exf6 Nxf6 8. b4 c4 9. Bf4 Be7 10. Nbd2 0-0 11. g3 e5 12. Nxe5 Nxe5 13. Bxe5 Ng4 14. Nf3 Bf6 15. Bxf6 Qxf6 16. Be2 Bf5 17. h3 Rae8 18. hxg4 Bd3 19. Ne5 Qxf2+ 20. Kd2 Rf3 21. Qe1 Qe3+ 22. Kd1 Rxe5 23. dxe5 Rf2 24. Qd2 Bxe2+ 25. Kc1 Qf3 26. Re1 Bd3 27. Re3 Qg2 28. Rxd3 cxd3 29. Qxd3 Rf1+ 30. Qxf1 Qxf1+ 31. Kb2 Qe2+ 32. Kb3 Qxe5 0-1

[Event "Krakow op-B 29th"]
[Site "Krakow"]
[Date "2018.12.29"]
[Round "4"]
[White "Budnik, Mateusz"]
[Black "Gawronski, Lukasz"]
[Result "1-0"]
[WhiteElo "2053"]
[BlackElo "1916"]
[PlyCount "73"]
[EventDate "2018.12.27"]
[EventType "swiss"]
[EventRounds "9"]
[EventCountry "POL"]
[SourceTitle "CBM 189 Extra"]
[Source "ChessBase"]
[SourceDate "2019.06.03"]
[SourceVersion "1"]
[SourceVersionDate "2019.06.03"]
[SourceQuality "1"]

1. e4 e6 2. d4 d5 3. Nd2 c5 4. Ngf3 cxd4 5. Nxd4 Nc6 6. Nxc6 bxc6 7. Bd3 Qc7 8. 0-0 Bd6 9. h3 Ne7 10. c4 d4 11. Nf3 c5 12. b4 0-0 13. b5 Ng6 14. a4 Nf4 15. e5 Bxe5 16. Nxe5 Qxe5 17. Qf3 Nxd3 18. Qxa8 Qf5 19. Qxa7 Qe4 20. f3 Qe2 21. b6 Ne1 22. Rf2 Qd1 23. Kh2 Qb3 24. Rb2 Qc3 25. b7 Bxb7 26. Qxb7 Nd3 27. Rbb1 Qxc4 28. Qb3 Qa6 29. Bd2 Qd6+ 30. f4 Nxf4 31. Bxf4 Qxf4+ 32. Qg3 Qe4 33. a5 e5 34. Re1 Qc2 35. Qxe5 d3 36. a6 d2 37. Red1 1-0

[Event "Krakow Malopolski-ch"]
[Site "Krakow"]
[Date "2015.05.02"]
[Round "8"]
[White "Gawronski, Lukasz"]
[Black "Madej, Roman"]
[Result "1-0"]
[WhiteElo "2013"]
[BlackElo "1935"]
[PlyCount "75"]
[EventDate "2015.04.26"]
[EventType "swiss"]
[EventRounds "9"]
[EventCountry "POL"]
[SourceTitle "CBM 166 Extra"]
[Source "ChessBase"]
[SourceDate "2015.06.18"]
[SourceVersion "1"]
[SourceVersionDate "2015.06.18"]
[SourceQuality "1"]

1. d4 Nf6 2. Bg5 d5 3. e3 Bf5 4. Bd3 Bg6 5. Ne2 e6 6. 0-0 c5 7. c4 Nc6 8. cxd5 Qxd5 9. Bxf6 gxf6 10. Nbc3 Qd8 11. d5 exd5 12. Bxg6 hxg6 13. Qxd5 Bd6 14. Ng3 f5 15. Rfd1 Bxg3 16. hxg3 Qxd5 17. Rxd5 b6 18. Rad1 0-0 19. Kf1 Rac8 20. Ke2 a6 21. Na4 b5 22. Nb6 Nb4 23. Rd6 Rc6 24. a3 Rxd6 25. Rxd6 Nc2 26. Kd2 Na1 27. Kc3 c4 28. Nd7 Ra8 29. Nc5 a5 30. Rb6 b4+ 31. axb4 axb4+ 32. Rxb4 Nb3 33. Nxb3 cxb3 34. Kxb3 Kf8 35. Kc3 Rc8+ 36. Kd3 Ke7 37. Rd4 Kf6 38. b4 1-0

[Event "Krakow op-A 24th"]
[Site "Krakow"]
[Date "2014.01.02"]
[Round "7"]
[White "Gawronski, Lukasz"]
[Black "Kawula, Andrzej"]
[Result "1-0"]
[WhiteElo "2040"]
[BlackElo "2035"]
[PlyCount "67"]
[EventDate "2013.12.27"]
[EventType "swiss"]
[EventRounds "9"]
[EventCountry "POL"]
[SourceTitle "CBM 158 Extra"]
[Source "ChessBase"]
[SourceDate "2014.02.28"]
[SourceVersion "1"]
[SourceVersionDate "2014.02.28"]
[SourceQuality "1"]

1. d4 e6 2. e4 d5 3. Nc3 Bb4 4. e5 c5 5. a3 Bxc3+ 6. bxc3 Ne7 7. Qg4 Qc7 8. Qxg7 Rg8 9. Qxh7 cxd4 10. Ne2 dxc3 11. f4 Nbc6 12. h4 Bd7 13. Qd3 d4 14. Nxd4 Nxd4 15. Qxd4 Nf5 16. Qf2 Bc6 17. Rh3 Qa5 18. h5 0-0-0 19. h6 Qd5 20. Be3 Rh8 21. h7 Qe4 22. Bd3 Qd5 23. Bxa7 f6 24. g4 Rd7 25. gxf5 Rdxh7 26. Rxh7 Rxh7 27. Ke2 fxe5 28. Qg3 Rh8 29. fxe5 Bb5 30. f6 Qe4+ 31. Be3 Bxd3+ 32. cxd3 Qa4 33. f7 Qc2+ 34. Kf3 1-0

[Event "Krakow Malopolski-chA"]
[Site "Krakow"]
[Date "2013.05.05"]
[Round "9"]
[White "Kumor, Lukasz"]
[Black "Gawronski, Lukasz"]
[Result "1-0"]
[WhiteElo "2120"]
[BlackElo "2063"]
[PlyCount "107"]
[EventDate "2013.04.28"]
[EventType "swiss"]
[EventRounds "9"]
[EventCountry "POL"]
[SourceTitle "EXT 2014"]
[Source "ChessBase"]
[SourceDate "2013.11.20"]
[SourceVersion "1"]
[SourceVersionDate "2013.11.20"]
[SourceQuality "1"]

1. e4 c5 2. Nf3 Nc6 3. d4 cxd4 4. Nxd4 Nf6 5. Nc3 e5 6. Ndb5 d6 7. Bg5 a6 8. Na3 b5 9. Bxf6 gxf6 10. Nd5 Bg7 11. Bd3 Ne7 12. Nxe7 Qxe7 13. 0-0 f5 14. c4 0-0 15. Qf3 bxc4 16. Nxc4 d5 17. exd5 e4 18. Qe3 Re8 19. Rfe1 Qf6 20. Qb6 Bd7 21. Qxf6 Bxf6 22. Bc2 Red8 23. Rad1 Rac8 24. Bb3 Bb5 25. Ne3 Bd7 26. Rd2 f4 27. Nc4 Bf5 28. g3 e3 29. fxe3 fxg3 30. e4 gxh2+ 31. Kxh2 Re8 32. e5 Rxc4 33. Bxc4 Bxe5+ 34. Kh1 f6 35. Bxa6 Kf7 36. Bb5 Rb8 37. a4 Bg3 38. Ree2 Bg4 39. Rf2 Bxf2 40. Rxf2 Rd8 41. Bc6 Ke7 42. a5 Bd7 43. b4 Rb8 44. Rb2 Bxc6 45. dxc6 Kd6 46. b5 Kc7 47. Kg2 h5 48. Kf3 f5 49. Kf4 h4 50. Ke5 h3 51. Kd5 Rd8+ 52. Kc5 Rd1 53. b6+ Kd8 54. b7 1-0

[Event "Krakow Malopolski-chA"]
[Site "Krakow"]
[Date "2013.05.03"]
[Round "7"]
[White "Gbyl, Andrzej"]
[Black "Gawronski, Lukasz"]
[Result "1/2-1/2"]
[WhiteElo "2225"]
[BlackElo "2063"]
[PlyCount "79"]
[EventDate "2013.04.28"]
[EventType "swiss"]
[EventRounds "9"]
[EventCountry "POL"]
[SourceTitle "CBM 154 Extra"]
[Source "ChessBase"]
[SourceDate "2013.06.25"]
[SourceVersion "2"]
[SourceVersionDate "2013.06.25"]
[SourceQuality "1"]

1. d4 Nf6 2. c4 g6 3. Nc3 d5 4. Bf4 Bg7 5. e3 0-0 6. cxd5 Nxd5 7. Nxd5 Qxd5 8. Bxc7 Na6 9. Bxa6 bxa6 10. Nf3 Qb7 11. Bg3 Qxb2 12. 0-0 Be6 13. Qc1 Qxc1 14. Rfxc1 Rfc8 15. Bc7 Bd5 16. a4 e6 17. Ne1 a5 18. f3 f5 19. Nd3 g5 20. Bxa5 f4 21. Bd2 Rc4 22. Rxc4 Bxc4 23. Ra3 Rd8 24. Kf2 fxe3+ 25. Bxe3 Bxd4 26. Bxd4 Rxd4 27. Ke3 Rd6 28. Rc3 Bxd3 29. Rxd3 Ra6 30. Rd4 Kg7 31. Kd3 Kf6 32. Kc3 Kf5 33. h4 h6 34. hxg5 hxg5 35. Kb4 Rb6+ 36. Ka5 Rb2 37. Rg4 Rb6 38. Rc4 Rb2 39. g4+ Ke5 40. Re4+ 1/2-1/2

[Event "Krakow op-B 23rd"]
[Site "Krakow"]
[Date "2013.01.04"]
[Round "9"]
[White "Gawronski, Lukasz"]
[Black "Jajte Pachota, Maciej"]
[Result "1-0"]
[WhiteElo "2069"]
[BlackElo "1835"]
[PlyCount "43"]
[EventDate "2012.12.27"]
[EventType "swiss"]
[EventRounds "9"]
[EventCountry "POL"]
[SourceTitle "CBM 152 Extra"]
[Source "ChessBase"]
[SourceDate "2013.02.25"]
[SourceVersion "1"]
[SourceVersionDate "2013.02.25"]
[SourceQuality "1"]

1. d4 Nf6 2. Bg5 c5 3. Nc3 cxd4 4. Qxd4 Nc6 5. Qh4 d6 6. e4 Qa5 7. Nf3 h6 8. Bd2 Be6 9. Nd5 Qd8 10. Bc4 a6 11. 0-0 Nd7 12. a4 Nde5 13. Nxe5 Nxe5 14. Bb3 g5 15. Qg3 Bg7 16. f4 Ng4 17. Bc3 gxf4 18. Nxf4 Qb6+ 19. Kh1 Qe3 20. Bxg7 Rg8 21. Nxe6 fxe6 22. Qxg4 1-0

[Event "Krakow op 21st"]
[Site "Krakow"]
[Date "2011.01.02"]
[Round "7"]
[White "Gawronski, Lukasz"]
[Black "Granovskiy, Alexandr"]
[Result "1/2-1/2"]
[WhiteElo "2043"]
[BlackElo "2312"]
[PlyCount "96"]
[EventDate "2010.12.27"]
[EventType "swiss"]
[EventRounds "9"]
[EventCountry "POL"]
[SourceTitle "CBM 140 Extra"]
[Source "ChessBase"]
[SourceDate "2011.03.01"]
[SourceVersion "1"]
[SourceVersionDate "2011.03.01"]
[SourceQuality "1"]

1. d4 d5 2. Nf3 Nf6 3. Bg5 Ne4 4. Bf4 c5 5. c3 Nc6 6. e3 e6 7. Bd3 f5 8. Bxe4 fxe4 9. Ne5 Nxe5 10. Bxe5 Qg5 11. 0-0 Be7 12. f4 Qg6 13. Qb3 0-0 14. c4 dxc4 15. Qxc4 b6 16. Nc3 Kh8 17. Rad1 cxd4 18. Bxd4 Qe8 19. b4 Rf7 20. Be5 Bb7 21. Rd4 Rc8 22. Qb3 Bf6 23. Bxf6 Rxf6 24. Nxe4 Rg6 25. Ng5 h6 26. Nf3 e5 27. fxe5 Bxf3 28. Rxf3 Qxe5 29. Rdf4 Kh7 30. Rf8 Rxf8 31. Rxf8 Re6 32. Qd3+ Qe4 33. Qxe4+ Rxe4 34. Ra8 Rxb4 35. Rxa7 Rb2 36. h3 Kg6 37. Kh2 Kf6 38. Kg3 g5 39. Kf3 h5 40. a4 g4+ 41. hxg4 hxg4+ 42. Kg3 Re2 43. Ra6 Rxe3+ 44. Kf4 Re6 45. Kxg4 Kf7 46. Kh5 Re5+ 47. Kh4 b5 48. g4 bxa4 1/2-1/2

[Event "Krakow op 21st"]
[Site "Krakow"]
[Date "2010.12.28"]
[Round "2"]
[White "Kumor, Lukasz"]
[Black "Gawronski, Lukasz"]
[Result "0-1"]
[WhiteElo "2178"]
[BlackElo "2043"]
[PlyCount "106"]
[EventDate "2010.12.27"]
[EventType "swiss"]
[EventRounds "9"]
[EventCountry "POL"]
[SourceTitle "CBM 140 Extra"]
[Source "ChessBase"]
[SourceDate "2011.03.01"]
[SourceVersion "1"]
[SourceVersionDate "2011.03.01"]
[SourceQuality "1"]

1. e4 e6 2. d4 d5 3. Nc3 Bb4 4. e5 c5 5. a3 Bxc3+ 6. bxc3 Ne7 7. Qg4 Qc7 8. Bd2 cxd4 9. cxd4 Qxc2 10. Qxg7 Rg8 11. Qh6 Nbc6 12. Ne2 Nxd4 13. Nxd4 Qb2 14. Bb5+ Bd7 15. 0-0 Qxd4 16. Rab1 Bxb5 17. Rxb5 Rg6 18. Qe3 Qxe3 19. Bxe3 b6 20. Rc1 Kd7 21. Rb4 Nf5 22. Bd2 Rc8 23. Ra4 Rxc1+ 24. Bxc1 a5 25. g4 Rg7 26. h3 Ne7 27. Bb2 Ng6 28. f4 Rg8 29. f5 Ne7 30. fxe6+ fxe6 31. Rf4 Ke8 32. Bd4 b5 33. Kf2 Rf8 34. Ke3 Rxf4 35. Kxf4 Nc6 36. Bb2 Kf7 37. h4 b4 38. axb4 axb4 39. Ba1 Kg6 40. Kf3 h5 41. Bb2 Na5 42. gxh5+ Kxh5 43. Ke2 Nc4 44. Bd4 b3 45. Kd3 b2 46. Kc2 Kxh4 47. Kb1 Kg4 48. Ba7 Kf4 49. Bb8 Ke4 50. Kc2 d4 51. Ba7 d3+ 52. Kb1 d2 53. Kc2 d1Q+ 0-1

[Event "Krakow Malopolski-chA"]
[Site "Krakow"]
[Date "2008.05.01"]
[Round "6.11"]
[White "Podolsky, Anton"]
[Black "Gawronski, Lukasz"]
[Result "0-1"]
[WhiteElo "2016"]
[BlackElo "2069"]
[PlyCount "92"]
[EventDate "2008.04.28"]
[EventType "swiss"]
[EventRounds "9"]
[EventCountry "POL"]
[SourceTitle "EXT 2023"]
[Source "ChessBase"]
[SourceDate "2022.10.05"]
[SourceVersion "1"]
[SourceVersionDate "2022.10.05"]
[SourceQuality "1"]

1. e4 c5 2. Nf3 Nc6 3. Bb5 Qc7 4. 0-0 e6 5. Nc3 Nge7 6. Re1 a6 7. Bxc6 Nxc6 8. d4 cxd4 9. Nxd4 d6 10. a4 Be7 11. Be3 0-0 12. Nxc6 bxc6 13. a5 e5 14. Bb6 Qd7 15. Qd3 f5 16. f3 fxe4 17. fxe4 Qg4 18. Qc4+ Be6 19. Qxc6 Rac8 20. Qb7 Bg5 21. Rf1 Bf4 22. Qe7 Rf7 23. Qxd6 Rd7 24. Qb4 Qh4 25. Rxf4 exf4 26. Rf1 Qg5 27. Rf2 Bg4 28. Nd5 f3 29. Be3 Qh4 30. gxf3 Bxf3 31. Rxf3 Rxd5 32. Bf2 Qg4+ 33. Rg3 Rd1+ 34. Kg2 Qd7 35. c3 Rd2 36. Rf3 Qg4+ 37. Rg3 Qe6 38. Qb7 g6 39. Kg1 Rd1+ 40. Kg2 Re8 41. b4 Rd7 42. Qb6 Qxe4+ 43. Rf3 Rf7 44. Qe3 Qg4+ 45. Rg3 Rxe3 46. Rxg4 Re2 0-1

[Event "Malopolskie Bezirk-ch"]
[Site "Krakow"]
[Date "2007.05.01"]
[Round "4"]
[White "Ciesla, Adam"]
[Black "Gawronski, Lukasz"]
[Result "1-0"]
[WhiteElo "2307"]
[BlackElo "2063"]
[PlyCount "85"]
[EventDate "2007.04.29"]
[EventType "swiss"]
[EventRounds "9"]
[EventCountry "POL"]
[SourceTitle "EXT 2011"]
[Source "ChessBase"]
[SourceDate "2010.11.26"]
[SourceVersion "1"]
[SourceVersionDate "2010.11.26"]
[SourceQuality "1"]

1. e4 c5 2. Nf3 Nc6 3. Nc3 e5 4. Bc4 Be7 5. d3 Nf6 6. Nd2 d6 7. Nf1 Bg4 8. f3 Be6 9. Ne3 Nh5 10. 0-0 Bg5 11. g3 0-0 12. Ncd5 Bxe3+ 13. Bxe3 Nf6 14. Bg5 Bxd5 15. exd5 Ne7 16. Bxf6 gxf6 17. f4 b5 18. Bxb5 Qb6 19. c4 a6 20. Qg4+ Kh8 21. Qh4 axb5 22. Qxf6+ Kg8 23. Qxe7 bxc4 24. dxc4 Qxb2 25. Qg5+ Kh8 26. Qf6+ Kg8 27. fxe5 Qd4+ 28. Qf2 dxe5 29. Qxd4 exd4 30. a4 Rfb8 31. a5 Rb4 32. d6 Kf8 33. Rf5 Rxc4 34. d7 d3 35. Rd5 Rd4 36. Rxd4 cxd4 37. Kf2 Ke7 38. a6 Kxd7 39. Ke1 Kc6 40. Kd2 Kc5 41. Kxd3 f6 42. a7 h6 43. g4 1-0

[Event "Krakow op"]
[Site "Krakow"]
[Date "2006.05.06"]
[Round "8"]
[White "Sokolowski, Krzysztof"]
[Black "Gawronski, Lukasz"]
[Result "0-1"]
[WhiteElo "2000"]
[BlackElo "2121"]
[PlyCount "72"]
[EventDate "2006.04.27"]
[EventType "swiss"]
[EventRounds "9"]
[EventCountry "POL"]
[SourceTitle "CBM 112 Extra"]
[Source "ChessBase"]
[SourceDate "2006.07.14"]
[SourceVersion "1"]
[SourceVersionDate "2006.07.14"]
[SourceQuality "1"]

1. e4 c5 2. Nf3 Nc6 3. d4 cxd4 4. Nxd4 Nf6 5. Nc3 e5 6. Ndb5 d6 7. Nd5 Nxd5 8. exd5 Nb8 9. c4 Be7 10. Be2 0-0 11. 0-0 a6 12. Nc3 f5 13. f4 Nd7 14. Kh1 Bf6 15. Qc2 exf4 16. Bxf4 Be5 17. Rad1 Qh4 18. Qd2 g5 19. g3 Bxf4 20. Rxf4 Qh6 21. Rf2 Ne5 22. Rdf1 Bd7 23. Qd4 Ng6 24. Bd3 f4 25. Bxg6 Qxg6 26. gxf4 g4 27. Ne4 Rae8 28. Ng3 Rf5 29. Nxf5 Bxf5 30. Qc3 Re4 31. h4 Qh6 32. Qg3 Qf6 33. Rc1 Qd4 34. Rff1 Re3 35. Qf2 Be4+ 36. Kg1 Rg3+ 0-1

[Event "Krakow op"]
[Site "Krakow"]
[Date "2006.05.01"]
[Round "4"]
[White "Ciesla, Konrad"]
[Black "Gawronski, Lukasz"]
[Result "1/2-1/2"]
[WhiteElo "1970"]
[BlackElo "2121"]
[PlyCount "90"]
[EventDate "2006.04.27"]
[EventType "swiss"]
[EventRounds "9"]
[EventCountry "POL"]
[SourceTitle "CBM 112 Extra"]
[Source "ChessBase"]
[SourceDate "2006.07.14"]
[SourceVersion "1"]
[SourceVersionDate "2006.07.14"]
[SourceQuality "1"]

1. e4 c5 2. f4 Nc6 3. Nf3 g6 4. Bb5 Bg7 5. Bxc6 bxc6 6. d3 d6 7. Nc3 Nh6 8. 0-0 0-0 9. Qe1 a5 10. Qg3 e6 11. Be3 a4 12. a3 Qa5 13. Rab1 f5 14. e5 d5 15. Bd2 Qa7 16. Kh1 c4 17. d4 Rd8 18. Be3 Bf8 19. Na2 Rb8 20. c3 Qg7 21. Nb4 Bb7 22. Ng5 Re8 23. h3 Nf7 24. Nf3 Be7 25. Qh2 h5 26. Rg1 Nh6 27. Ng5 Bxg5 28. fxg5 Nf7 29. Qf4 Kf8 30. g4 hxg4 31. hxg4 Ke7 32. Kg2 Rh8 33. Rh1 Rxh1 34. Rxh1 Rh8 35. Rxh8 Qxh8 36. gxf5 exf5 37. Qh2 Qxh2+ 38. Kxh2 Nd8 39. Kg3 Ne6 40. Na2 Kf7 41. Nc1 Ba6 42. Ne2 Bb7 43. Kh4 Bc8 44. Nf4 Nxf4 45. Bxf4 Ke6 1/2-1/2

[Event "Krakow op"]
[Site "Krakow"]
[Date "2006.04.30"]
[Round "2"]
[White "Gawronski, Lukasz"]
[Black "Ruggiero, Janusz"]
[Result "1-0"]
[WhiteElo "2121"]
[BlackElo "1800"]
[PlyCount "79"]
[EventDate "2006.04.27"]
[EventType "swiss"]
[EventRounds "9"]
[EventCountry "POL"]
[SourceTitle "CBM 112 Extra"]
[Source "ChessBase"]
[SourceDate "2006.07.14"]
[SourceVersion "1"]
[SourceVersionDate "2006.07.14"]
[SourceQuality "1"]

1. d4 Nf6 2. Bg5 e6 3. e4 Be7 4. Bd3 h6 5. Bh4 b6 6. c4 Bb7 7. Nd2 0-0 8. f4 Nc6 9. Ngf3 Nb4 10. Bb1 d5 11. cxd5 exd5 12. Bxf6 Bxf6 13. e5 Be7 14. a3 Nc6 15. Qc2 g6 16. f5 Bg5 17. fxg6 Bxd2+ 18. Qxd2 Kg7 19. gxf7 Rxf7 20. Qd3 Kh8 21. 0-0 Qg8 22. Ba2 Ne7 23. Nh4 Raf8 24. Rxf7 Rxf7 25. Rf1 Rxf1+ 26. Qxf1 Qg5 27. Qf6+ Kg8 28. Qxg5+ hxg5 29. Nf3 g4 30. Ng5 c6 31. Ne4 Bc8 32. b4 Kg7 33. Nd6 Bf5 34. Kf2 b5 35. Kg3 Bd7 36. Bb1 Kh6 37. Kf4 Ng6+ 38. Bxg6 Kxg6 39. Nb7 Bf5 40. Nc5 1-0

[Event "Krakow op"]
[Site "Krakow"]
[Date "2006.04.29"]
[Round "1"]
[White "Wasik, Piotr"]
[Black "Gawronski, Lukasz"]
[Result "0-1"]
[WhiteElo "1865"]
[BlackElo "2121"]
[PlyCount "70"]
[EventDate "2006.04.27"]
[EventType "swiss"]
[EventRounds "9"]
[EventCountry "POL"]
[SourceTitle "CBM 112 Extra"]
[Source "ChessBase"]
[SourceDate "2006.07.14"]
[SourceVersion "1"]
[SourceVersionDate "2006.07.14"]
[SourceQuality "1"]

1. e4 c5 2. Nf3 Nc6 3. d4 cxd4 4. Nxd4 Nf6 5. Nc3 e5 6. Ndb5 d6 7. Be3 a6 8. Na3 b5 9. Nd5 Rb8 10. f3 Nxd5 11. exd5 Ne7 12. c4 Nf5 13. Bf2 Be7 14. Bd3 0-0 15. cxb5 axb5 16. 0-0 Qa5 17. Qc2 g6 18. Rfc1 Bg5 19. Qc7 Qa8 20. Rd1 Rb7 21. Qc2 Ne3 22. Bxe3 Bxe3+ 23. Kf1 Bd7 24. Qe2 Bc5 25. Nxb5 f5 26. a4 e4 27. Bc4 Qd8 28. g3 exf3 29. Qxf3 f4 30. Kg2 fxg3 31. Qxg3 Bf2 32. Qxf2 Bh3+ 33. Kg1 Rxf2 34. Kxf2 Qh4+ 35. Ke3 Qxc4 0-1

[Event "Krynica op-A"]
[Site "Krynica"]
[Date "1998.??.??"]
[Round "?"]
[White "Gawronski, Lukasz"]
[Black "Lada, Marek"]
[Result "0-1"]
[WhiteElo "2155"]
[BlackElo "2190"]
[PlyCount "102"]
[EventDate "1998.??.??"]
[EventType "swiss"]
[EventRounds "11"]
[EventCountry "POL"]
[SourceTitle "EXT 2002"]
[Source "ChessBase"]
[SourceDate "2001.11.25"]
[SourceVersion "1"]
[SourceVersionDate "2001.11.25"]
[SourceQuality "1"]

1. d4 Nf6 2. Bg5 d5 3. Bxf6 exf6 4. e3 Bd6 5. g3 0-0 6. Bg2 c6 7. Ne2 Nd7 8. 0-0 f5 9. Nd2 Nf6 10. c4 dxc4 11. Nxc4 Be6 12. Nxd6 Qxd6 13. Qc2 a5 14. Nf4 a4 15. Rfc1 Ra5 16. Nxe6 fxe6 17. Qc4 Kh8 18. Rc2 Rd8 19. Rac1 e5 20. Qc3 Rb5 21. dxe5 Qxe5 22. Qxe5 Rxe5 23. Rc4 Rd2 24. Rxa4 Rxb2 25. Ra8+ Re8 26. Rxe8+ Nxe8 27. Rd1 Kg8 28. a4 Nf6 29. a5 Kf7 30. a6 bxa6 31. Bxc6 Ra2 32. h3 Ke7 33. Kg2 a5 34. Kf3 a4 35. Rd4 a3 36. Ra4 g6 37. g4 fxg4+ 38. hxg4 h5 39. g5 Ng4 40. Bd5 Rxf2+ 41. Ke4 Rf5 42. Ra7+ Kd6 43. Ra6+ Kc5 44. Rc6+ Kb5 45. Rxg6 Rxd5 46. Kxd5 a2 47. Rg8 Nxe3+ 48. Ke4 a1Q 49. Kxe3 Qc3+ 50. Kf2 Qb2+ 51. Kg1 Qa1+ 0-1